000 00274nam a2200109Ia 4500
001 1275903
005 20260417160437.0
008 260417s9999 xx 000 0 und d
020 _a9786258159691
245 0 _aDaha Çok El
_cJenny Molendyk Divleli
260 _bKetebe Çocuk
999 _c1275903
_d1275903